| 000 | 01320cam a2200361 a 4500 | ||
|---|---|---|---|
| 001 | 11977847 | ||
| 003 | OSt | ||
| 005 | 20140310184245.0 | ||
| 008 | 000418s2001 nyua j 000 1 eng | ||
| 010 | _a 00032010 | ||
| 020 | _a0439400163 | ||
| 020 | _a0060289961 (lib. bdg.) | ||
| 040 |
_aDLC _cDLC _dDLC |
||
| 042 | _alcac | ||
| 050 | 0 | 0 |
_aPZ 7 _b.Ed26365Cl 2002 |
| 100 | 1 |
_aEdwards, Pamela Duncan. _929968 |
|
| 245 | 1 | 0 |
_aClara Caterpillar / _cby Pamela Duncan Edwards ; illustrated by Henry Cole. |
| 260 |
_aNew York : _bScholastic Inc., _c2001. |
||
| 300 |
_a[28 p.] : _bcol. ill. ; _c23 cm. |
||
| 521 | _aG4 | ||
| 526 | _c660 | ||
| 562 | _e2 | ||
| 650 | 1 |
_aButterflies _vFiction. _929969 |
|
| 650 | 1 |
_aMetamorphosis _vFiction. _929970 |
|
| 700 | 1 |
_aCole, Henry, _d1955- _eill. _929971 |
|
| 856 | 4 | 2 |
_3Publisher description _uhttp://www.loc.gov/catdir/description/hc041/00032010.html |
| 856 | 4 | 2 |
_3Contributor biographical information _uhttp://www.loc.gov/catdir/enhancements/fy0910/00032010-b.html |
| 906 |
_a7 _bcbc _corignew _d1 _eocip _f20 _gy-gencatlg |
||
| 942 |
_2lcc _cBK-SCHOLAS |
||
| 999 |
_c33315 _d33315 |
||